National Assembly Library of Thailand

รวมคำวินิจฉัยศาลรัฐธรรมนูญ ประจำปี 2542 (เล่ม 1) (ระเบียนเลขที่ 19887)

รายละเอียดในรูปแบบ MARC
000 -LEADER
fixed length control field 00798nam a22001937a 4500
005 - DATE AND TIME OF LATEST TRANSACTION
control field 20210325184511.0
008 - FIXED-LENGTH DATA ELEMENTS--GENERAL INFORMATION
fixed length control field s2542 th tha d
041 ## - LANGUAGE CODE
Language code of text/sound track or separate title tha
090 ## - LOCALLY ASSIGNED LC-TYPE CALL NUMBER (OCLC); LOCAL CALL NUMBER (RLIN)
Classification number (OCLC) (R) ; Classification number, CALL (RLIN) (NR) KA83
Local cutter number (OCLC) ; Book number/undivided call number, CALL (RLIN) ศ365ร 2542 ล.1
245 10 - TITLE STATEMENT
Title รวมคำวินิจฉัยศาลรัฐธรรมนูญ ประจำปี 2542 (เล่ม 1)
260 3# - PUBLICATION, DISTRIBUTION, ETC.
Place of publication, distribution, etc. กรุงเทพฯ :
Name of publisher, distributor, etc. สำนักงานศาลรัฐธรรมนูญ,
Date of publication, distribution, etc. 2542
300 ## - PHYSICAL DESCRIPTION
Extent 591 หน้า ;
Other physical details 26 ซม.
650 04 - SUBJECT ADDED ENTRY--TOPICAL TERM
Topical term or geographic name entry element รัฐธรมนูญ -- คำวินิจฉัย -- 2542
650 04 - SUBJECT ADDED ENTRY--TOPICAL TERM
Topical term or geographic name entry element ศาลรัฐธรรมนูญ -- คำวินิจฉัย -- 2542
850 ## - HOLDING INSTITUTION
Holding institution NALT
942 ## - ADDED ENTRY ELEMENTS (KOHA)
Koha item type Reference Book
997 ## -
-- 000000000019887
-- VC
998 ## - LOCAL CONTROL INFORMATION (RLIN)
-- ARUNTHIP
รายการที่มีในห้องสมุด
Withdrawn status Lost status Damaged status Not for loan Collection code Home library Current library Total Checkouts Full call number Barcode Date last seen Price effective from Koha item type Source of classification or shelving scheme Shelving location Date acquired
        Law Book collection National Assembly Library of Thailand National Assembly Library of Thailand   KA 83 ศ365ร 2542 ล.1 3961130808 09/06/2017 09/06/2017 Reference Book      
        Senate National Assembly Library of Thailand National Assembly Library of Thailand   KA 83 ศ365ร 2542 ล.1 0100003492001 28/04/2023 02/09/2022 Reference Book Local Classification Law Book shelves 02/09/2022
หอสมุดรัฐสภา
สำนักงานเลขาธิการสภาผู้แทนราษฎร เลขที่ 1111 ถนนสามเสน แขวงถนนนครไชยศรี เขตดุสิต กรุงเทพฯ 10300
The Secretariat of the House of Representatives 1111 Samsen Road, Thanon Nakhon Chai Si, Dusit, Bangkok 10300, THAILAND
โทรศัพท์: +66(0) 2242 5900 ต่อ 5714-5 โทรสาร: +66(0) 2242 5990 อีเมล: [email protected]